Statistics for Israel Immigration By Country

Click here to take the quiz!

General Stats

  • This quiz has been taken 74 times
  • The average score is 19 of 25

Answer Stats

TotalCountry% Correct
1,7 milFormer USSR
100%
120,995Germany
97%
120,233United States
95%
51,545United Kingdom
93%
38,036Egypt
92%
80,232France
92%
174,119Poland
92%
81,154Iran
85%
12,950Canada
84%
131,065Iraq
84%
151,456Morocco
79%
64,300Turkey
79%
63,935Argentina
74%
129,678Algeria
72%
32,961Hungary
70%
364,776Romania
70%
10,237Syria
70%
45,711Brazil
66%
44,513Bulgaria
66%
29,534India
66%
24,720Czech Republic
64%
36,120Libya
64%
94,733Ethiopia
59%
44,670Yemen
52%
22,731South Africa
43%

Score Distribution

Percentile by Number Answered

Percent of People with Each Score

Your Score History

You have not taken this quiz